Medzinárodné účtovné štandardy

Prierez priebehu zavedenia jednotného systému účtovných štandardov (IAS a IFRS) v Európskej únii. Situácia prechodu na medzinárodné účtovné štandardy v slovenských firmách.

Salvato in:
Dettagli Bibliografici
Natura: Capitolo di libro
Lingua:slovacco
Soggetti:
Tags: Aggiungi Tag
Nessun Tag, puoi essere il primo ad aggiungerne!!

MARC

LEADER 00000naa a2200000 4500
001 r048447
005 20230925124754.3
041 0 |a slo 
044 |a SK 
245 1 0 |a Medzinárodné účtovné štandardy 
520 |a Prierez priebehu zavedenia jednotného systému účtovných štandardov (IAS a IFRS) v Európskej únii. Situácia prechodu na medzinárodné účtovné štandardy v slovenských firmách. 
610 2 0 |a štandardy účtovné medzinárodné 
610 2 0 |a účtovníctvo 
610 2 0 |a IAS 
610 2 0 |a IFRS 
610 2 0 |a Európska únia 
610 2 0 |a Slovensko